Proyecto de Código de minería, presentado al Congreso Nacional por el Presidente de la República: mensaje i notas

Saved in:
Bibliografiske detaljer
Format: Bog
Sprog:spansk
Udgivet: Santiago Imprenta Nacional 1900
Fag:
Tags: Tilføj Tag
Ingen Tags, Vær først til at tagge denne postø!

MARC

LEADER 00000cam a2200000 a 4500
001 UCF8835
003 CL-VaPUC
008 131011e19000000cl |||||||||||||||||spa|d
082 0 4 |a 343.077  |b PRO  |2 21 
245 1 0 |a Proyecto de Código de minería, presentado al Congreso Nacional por el Presidente de la República: mensaje i notas 
300 |a 86 p 
942 |c BK 
945 |d 20131011 10:45:00  |a cmena 
260 |a Santiago  |b Imprenta Nacional  |c 1900 
650 0 |a Código de minería   |9 256729 
650 0 |a Derecho minero  |9 257109 
650 7 |a PROYECTOS DE LEY  |2 CL-VaPUC  |9 388710 
650 0 |a Jurisprudencia  |9 255952 
650 0 |a Ordenamiento jurídico   |9 355371 
583 |a last modification  |c 20131011 10:45:00  |k Rodrigo Vera 
999 |c 353366  |d 353364 
952 |0 0  |1 0  |2 ddc  |3 erd  |4 0  |5 1  |6 343_077000000000000_PRO_1900  |7 1  |8 C_LRYV  |9 458518  |a FDOBRV  |b BIBDER  |d 2019-11-23  |i 502014K  |o 343.077 PRO 1900  |p 502014K  |r 2023-01-25  |w 2019-11-23  |y BK_X  |z Catalogado en:20131011  |k BRV